000 00386nam a2200169Ia 4500
003 STCL
008 181203s9999 xx 000 0 und d
020 _a9788131702291
040 _aSTCL
_bEN
_cSTCL
082 _222
100 _aTenenbaum, Aaron M.
245 0 _aData Structures Using C
260 _bPearson
_aNoida
_c2014
300 _a656
546 _aEnglish
942 _2ddc
_cBK
999 _c83298
_d83298